| 000 | 01313nam a22003137i 4500 | ||
|---|---|---|---|
| 003 | EG-ScBUE | ||
| 005 | 20221204122845.0 | ||
| 008 | 220731s1997 ua f 000 0 ara d | ||
| 017 | _a1997 / 2667 | ||
| 040 |
_aEG-ScBUE _bara _erda _cEG-ScBUE _dEG-ScBUE |
||
| 043 | _af-ua--- | ||
| 082 | 0 | 4 |
_222 _a344.62046 _bج م ع |
| 110 | 2 |
_aجمعية أصدقاء البيئة بالإسكندرية، _eمؤلف. |
|
| 245 | 1 | 2 |
_aالدليل المبسط لتشريعات حماية البيئة والصحة في مصر وكيفية الاستناد إليها / _cجمعية أصدقاء البيئة بالإسكندرية. |
| 250 | _aالطبعة الأولى. | ||
| 264 | 1 |
_aالإسكندرية : _bجمعية أصدقاء البيئة بالإسكندرية، _c[1997] |
|
| 300 |
_a131 صفحة ؛ _c24 سم |
||
| 336 |
_2rdacontent _aنص _btxt |
||
| 337 |
_2rdamedia _aبدون وسيط _bn |
||
| 338 |
_2rdacarrier _aمجلد _bnc |
||
| 500 | _aيشتمل على ملاحق. | ||
| 500 | _aبدعم من هيئة أوكسفام. | ||
| 541 | _aBook from store. | ||
| 650 | 7 |
_aحماية البيئة _xقوانين وتشريعات _zمصر. _2BUEsh |
|
| 650 | 7 |
_aجرائم الصحة العامة _zمصر. _2BUEsh |
|
| 653 |
_bLLAAWW _cDecember2022 |
||
| 655 | _vReading book | ||
| 942 | _2ddc | ||
| 999 |
_c30066 _d30037 |
||